Top 5 Best NFL Teams Since 2000 - Statistics

General Stats
  • This quiz has been taken 119,188 times
    32,036 since last reset
  • The average score is 4 of 5
Answer Stats
% Team % Correct
67.5 New England Patriots
96%
63.3 Pittsburgh Steelers
70%
62.1 Green Bay Packers
66%
60.3 Philadelphia Eagles
66%
59.9 Baltimore Ravens
63%
No matching quizzes found
Score Distribution
Percent of People with Each Score
Percentile by Number Answered
Your Score History
You have not taken this quiz since the last reset